000 01895nam0a2200349 4500
001 RU\NLR\BIBL_A\022612747
005 20260420052731.0
010 _a978-5-222-44684-3
_93000
021 _aRU
_bКН-П-25-040731
_9КН-П-25-3964
035 _a(NLR Aleph) 022612747
090 _a13683325
_c13683325
100 _a20250901d2025 u y0rusy50 ca
101 1 _arus
_ceng
_cfre
_cger
_cchi
102 _aRU
105 _aa z 000ay
181 0 _ai
_baxxe
182 0 _an
200 1 _aКлан Носферату и еще 33 жуткие истории о вампирах
_e[повести и рассказы]
_eсборник
_fсоставление, комментарии и примечания: Шокин Г.
_gпод ред. Г. Шокина
_gперевод с английского, французского, немецкого и китайского Григория Шокина [и др.]
_g[иллюстрации Дмитрия Храмцова]
203 _aТекст
_bвизуальный
_cнепосредственный
210 _aРостов-на-Дону
_cФеникс
_d2025
215 _a410, [3] с.
_cил.
_d24
225 1 _aСерия "NEOготика"
327 0 _aСодерж. авт.: Пу Сунлин, Эрнст Скупин, Карл Ханс Штробль, Рудольф Линдау, Рубен Дарио, Эрик Стенбок, Дик Донован, Герман Ленс, Лайонел Спэрроу, Сэбайн Бэринг-Гулд [и др.]
333 _a16+
686 1 _aШ6(0)07-445я43{Лх150-62}
702 1 _aШокин
_bГ.
_gГригорий
_4220
_4340
702 1 _4440
_7ca
_8rus
_aХрамцов
_bД. С.
_gДмитрий Сергеевич
_9263798
_3RU\NLR\AUTH\770263854
942 _cBOOK
980 _aNB